Les 20 meilleurs buteurs de la LDC - Statistiques

Statistiques générales
  • Ce quiz a été pris 1 867 fois
  • Le résultat moyen est 14 sur 20
Statistiques - réponses
Hint Réponse % Correct
141 buts (2002-2022) Portugal Cristiano Ronaldo
100%
129 buts (2004-2023) Argentine Lionel Messi
100%
90 buts (2005-2023) France Karim Benzema
93%
48 buts (2016-) France Kylian Mbappé
93%
94 buts (2011-) Pologne Robert Lewandowski
93%
41 buts (2019-) Norvège Erling Haaland
88%
48 buts (2012-2023) Egypte Mohamed Salah
87%
43 buts (2013-2023) Brésil Neymar Junior
87%
54 buts (2009-) Allemagne Thomas Muller
81%
44 buts (2003-2015) Côte d'Ivoire Didier Drogba
80%
51 buts (1997-2012) France Thierry Henry
79%
49 buts (2001-2021) Suède Zlatan Ibrahimovic
79%
59 buts (1994-2011) Ukraine Andriy Shevchenko
62%
47 buts (1961-1974) Portugal Eusebio
62%
71 buts (1995-2011) Espagne Raul
59%
47 buts (2008-2021) Argentine Sergio Aguero
55%
49 buts (1955-1964) Espagne Alfredo di Stefano
39%
44 buts (1995-2009) Italie Alessandro Del Piero
36%
60 buts (1998-2009) Pays-Bas Ruud Van Nistelrooy
36%
50 buts (1997-2010) Italie Filippo Inzaghi
32%
Aucun quiz correspondant
Distribution des résultats
% des personnes avec chaque résultat
Percentile par nombre de réponses
Votre historique - résultats
Vous n’avez pas pris ce quiz